| 000 | 01080nam a22003137a 4500 | ||
|---|---|---|---|
| 003 | CHAP | ||
| 005 | 20220329133301.0 | ||
| 008 | 971013s1989 r 00010 d | ||
| 010 | _a4292 | ||
| 011 | _a5264 | ||
| 035 | _a4471 | ||
| 040 | _cCHAP | ||
| 090 | _aFolleto 12730 | ||
| 110 |
_aMéxico. Dirección General de Conservación Ecológica de los Recursos Naturales _976966 |
||
| 245 | 1 | _aInformación básica sobre las áreas naturales protegidas de México | |
| 260 |
_aMéxico, D. F. : _bLa Dirección, _c1989 |
||
| 300 |
_a82 p. _b: ilus |
||
| 500 | _a53/134 | ||
| 590 |
_aBATCH-UPD _b10 _c20130110 _lUCH01 _h2014 |
||
| 590 |
_aBATCH-UPD _b10 _c20130410 _lUCH01 _h1333 |
||
| 590 |
_aBATCH-UPD _b10 _c20130914 _lUCH01 _h1901 |
||
| 590 |
_aCONVERSION _b10 _c20130109 _lUCH01 _h1304 |
||
| 650 | 1 | 4 |
_aParques nacionales _xMéxico. _985711 |
| 650 | 1 | 4 |
_aRecursos naturales _xConservación _xMéxico. _995242 |
| 710 | 0 |
_aSistema Nacional de Areas Naturales Protegidas. México. _9106720 |
|
| 901 | _aBK | ||
| 942 | _cFOLL | ||
| 949 |
_aFolleto 12730 _bBC _cFOLL _d-14017 _eTS1 _i4471 _si |
||
| 999 |
_c4292 _d4292 |
||